世代別人気ポケモンTOP15 - Statistics

General Stats
  • This quiz has been taken 14 times
  • The average score is 36 of 135
Answer Stats
世代 順位 ポケモン % Correct
初代 1 リザードン
100%
2 ゲンガー
89%
3 カイリュー
89%
2 バンギラス
89%
9 シャワーズ
78%
15 サンダース
78%
2世代 1 ブラッキー
78%
6 エーフィ
78%
9 ボーマンダ
78%
2 ガブリアス
78%
8 カメックス
67%
4 ハッサム
67%
9 オーダイル
67%
3世代 1 サーナイト
67%
4 バシャーモ
67%
4世代 1 ルカリオ
67%
5 グレイシア
67%
6 エンペルト
67%
7 リーフィア
67%
6世代 1 ゲッコウガ
67%
2 ニンフィア
67%
5 ラプラス
56%
13 ライチュウ
56%
3 バクフーン
56%
11 ヘルガー
56%
2 フライゴン
56%
5 メタグロス
56%
8 ドダイトス
56%
13 ミミロップ
56%
3 サザンドラ
56%
11 メタモン
44%
14 カイロス
44%
10 ヘラクロス
44%
15 キングドラ
44%
3 ジュカイン
44%
7 アブソル
44%
8 ラグラージ
44%
4 ゴウカザル
44%
9 エルレイド
44%
11 トゲキッス
44%
5世代 1 シャンデラ
44%
6 ジャローダ
44%
6 アシレーヌ
44%
6 カビゴン
33%
6 ミロカロス
33%
10 ムクホーク
33%
6 ファイアロー
33%
9 ルチャブル
33%
11 マフォクシー
33%
4 ガオガエン
33%
5 エースバーン
33%
6 インテレオン
33%
9世代 1 マスカーニャ
33%
4 ウインディ
22%
7 キュウコン
22%
12 ニドキング
22%
5 デンリュウ
22%
8 オオタチ
22%
14 ソーナンス
22%
10 ボスゴドラ
22%
11 チルタリス
22%
13 キノガッサ
22%
5 オノノクス
22%
11 ダイケンキ
22%
5 ヌメルゴン
22%
13 ドラミドロ
22%
14 オーロット
22%
7世代 1 ミミッキュ
22%
2 ジュナイパー
22%
10 ベトベトン
11%
13 ツボツボ
11%
12 クチート
11%
15 ヤミラミ
11%
3 レントラー
11%
12 グライオン
11%
15 ユキメノコ
11%
8 エルフーン
11%
9 ペンドラー
11%
12 ドリュウズ
11%
13 ドレディア
11%
15 エモンガ
11%
3 ギルガルド
11%
4 オンバーン
11%
8 ガチゴラス
11%
10 ニャオニクス
11%
12 アマルルガ
11%
8 ナマコブシ
11%
9 クワガノン
11%
11 ジャラランガ
11%
12 アマージョ
11%
14 トゲデマル
11%
8 イッカネズミ
11%
9 ラウドボーン
11%
12 イルカマン
11%
7 クロバット
0%
12 ヌオー
0%
14 ジュペッタ
0%
14 マニューラ
0%
2 ゾロアーク
0%
4 ウルガモス
0%
7 ワルビアル
0%
10 ランクルス
0%
14 チラチーノ
0%
7 デデンネ
0%
15 ゴロンダ
0%
3 ルガルガン
0%
5 グソクムシャ
0%
7 キテルグマ
0%
10 エンニュート
0%
13 ラランテス
0%
15 ドヒドイデ
0%
8世代 1 ドラパルト
0%
2 ストリンダー
0%
3 アーマーガア
0%
4 マホイップ
0%
7 ネギガナイト
0%
8 ブリムオン
0%
9 タイレーツ
0%
10 タルップル
0%
11 モルペコ
0%
12 オーロンゲ
0%
13 マルヤクデ
0%
14 ウオノラゴン
0%
15 モスノウ
0%
2 デカヌチャン
0%
3 ソウブレイズ
0%
4 ドオー
0%
5 パーモット
0%
6 サーフゴー
0%
7 グレンアルマ
0%
10 ウェーニバル
0%
11 キョジオーン
0%
13 ヘイラッシャ
0%
14 シャリタツ
0%
15 ドドゲザン
0%
No matching quizzes found
Score Distribution
Percent of People with Each Score
Percentile by Number Answered
Your Score History
You have not taken this quiz